000 00322 a2200157 4500
001 185773
020 _a85-305-0129-2
040 _cMagnum
100 _aBandeira, Pedro
240 1 0 _aO patinho feio
_lpor
245 1 0 _aO patinho feio
300 _a31
362 0 _a1997
697 _aLITERATURA INFANTO
942 _cBK
999 _c185773
_d185773